00820cam a2200265 a 450000100060000000300080000600500170001400800390003103500190007003500110008904000250010004100080012508200200013310000220015324501420017525000110031726000420032830000360037050000200040650400300042665000260045665000240048270000280050670000200053415615BD-RjUL20211208235845.0140210s1973 nyua b 001 0 eng a(BD-RjUL)15670 a361051 aLCbengcLCdBD-RjUL aeng04a658.7bHEB 19731 aHeskett, James L.10aBusiness logistics :bphysical distribution and materials management /cJames L. Heskett, Nicholas A. Glaskowsky, Jr. and Robert M. Ivie. a2d ed. aNew York :bRonald Press Co.,cc1973. axii, 789 p. :billus. ;c24 cm. aIncludes index. aBibliography: p. 765-775. 0aMaterials management. 0aBusiness logistics.1 aGlaskowsky, Nicholas A,1 aIvie, Robert M,